000 00387nam a2200169Ia 4500
003 0STCL
008 150530s9999 xx 000 0 und d
040 _aSTCL
_cSTCL
100 _aRadhesyam Sharma
245 _aMaithili sharan Gupth
260 _bMangal Prakashan ; Jaipur
_c1975
300 _a0
546 _aHindi
942 _2ddc
_cBK
999 _c65652
_d65652
005 20220125171311.0